Early behavior : comparative and developmental approaches /

Saved in:
Bibliographic Details
Main Author: Stevenson, Harold W. (Harold William), 1924- (ed.)
Other Authors: Hess, Eckhard Heinrich, 1916- (joint ed.), Rheingold, Harriet L. (Harriet Lange) (joint ed.)
Format: Book
Language:English
Published: Huntington, N.Y. : Krieger, 1975, c1967.
Subjects:
LEADER 01205nam a2200289 a 4500
001 c000138392
003 CARM
005 00000000000000.0
008 750224r1975 nyua b 00110 eng
019 1 |a 382798  |5 LACONCORD2021 
020 |a 088275307X 
035 |a (OCoLC)1230733  |5 LACONCORD2021 
050 1 |a BF671  |b .S84 1975 
100 1 |a Stevenson, Harold W.  |q (Harold William),  |d 1924-  |e ed. 
245 1 0 |a Early behavior :  |b comparative and developmental approaches /  |c editors, Harold W. Stevenson, Eckhard H. Hess, Harriet L. Rheingold. 
260 |a Huntington, N.Y. :  |b Krieger,  |c 1975, c1967. 
300 |a ix, 303 p. :  |b ill. ;  |c 24 cm. 
500 |a Reprint of the ed. published by Wiley, New York. 
504 |a Includes bibliographies and indexes. 
650 0 |a Psychology, Comparative. 
650 0 |a Child psychology. 
700 1 |a Hess, Eckhard Heinrich,  |d 1916-  |e joint ed. 
700 1 |a Rheingold, Harriet L.  |q (Harriet Lange)  |e joint ed. 
852 8 |b CARM  |h A2:AF04G0  |i B01768  |p 0077763  |f BK 
082 0 4 |a 156 
999 f f |i ffdb3d3b-ad8e-512f-be51-763ef8d4a8ea  |s 488af511-fdea-5427-ba38-467e4ef95d72 
952 f f |p Can circulate  |a CAVAL  |b CAVAL  |c CAVAL  |d CARM 1 Store  |e B01768  |f A2:AF04G0  |h Other scheme  |i book  |m 0077763